| 000 | 01107 a2200241 4500 | ||
|---|---|---|---|
| 001 | 37872 | ||
| 005 | 20260407155645.0 | ||
| 008 | 260407a1995 arg spa d | ||
| 003 | AR-UNSa-BCEJYS | ||
| 040 |
_aAR-UNSa-BCEJYS _bspa _cAR-UNSa-BCEJYS |
||
| 080 |
_a658.016.7 _xPrincipios generales. Eficiencia. Racionalización. Productividad (Reingeniería) |
||
| 245 | 1 | 0 | _aCómo hacer reingeniería |
| 020 | _a958-04-3025-X | ||
| 264 | 1 |
_aBogotá : _bGrupo Editorial Norma _c1995 |
|
| 300 |
_a349 p. _c23 cm. |
||
| 505 | _a1. Marco de referencia para la reingeniería de procesos - 2. Las cinco etapas de rápida reingeniería - 3. Preparación - 4. Identificación - 5. Visión - 6. Solución: Diseño técnico - 7. Solución: Diseño Social - 8. Transformación - 9. Selección de herramientas de reingeniería - 10. Consejos. | ||
| 942 | _cBK | ||
| 590 | _aniveau_biblio:m niveau_hierar:0 | ||
| 100 | 1 | _aCárdenas Nannetti, Jorge | |
| 700 | 1 | _aManganelli, Raymond L. | |
| 700 | 1 | _aKlein, Mark M. | |
| 856 | 4 | 1 |
_uhttps://biblioeco.unsa.edu.ar/pmb/images/libros/L70158.jpg _yImagen de portada _qimage/jpeg |
| 999 |
_c2822 _d2822 |
||